<?xml version="1.0" encoding="UTF-8"?><?xml-stylesheet type="text/xsl" href="static/style.xsl"?><OAI-PMH xmlns="http://www.openarchives.org/OAI/2.0/" xmlns:xsi="http://www.w3.org/2001/XMLSchema-instance" xsi:schemaLocation="http://www.openarchives.org/OAI/2.0/ http://www.openarchives.org/OAI/2.0/OAI-PMH.xsd"><responseDate>2026-04-27T21:45:12Z</responseDate><request verb="GetRecord" identifier="oai:uvadoc.uva.es:10324/14152" metadataPrefix="marc">https://uvadoc.uva.es/oai/request</request><GetRecord><record><header><identifier>oai:uvadoc.uva.es:10324/14152</identifier><datestamp>2021-06-29T11:07:53Z</datestamp><setSpec>com_10324_38</setSpec><setSpec>col_10324_852</setSpec></header><metadata><record xmlns="http://www.loc.gov/MARC21/slim" xmlns:doc="http://www.lyncode.com/xoai" xmlns:xsi="http://www.w3.org/2001/XMLSchema-instance" xmlns:dcterms="http://purl.org/dc/terms/" xsi:schemaLocation="http://www.loc.gov/MARC21/slim http://www.loc.gov/standards/marcxml/schema/MARC21slim.xsd">
<leader>00925njm 22002777a 4500</leader>
<datafield tag="042" ind1=" " ind2=" ">
<subfield code="a">dc</subfield>
</datafield>
<datafield tag="720" ind1=" " ind2=" ">
<subfield code="a">Ruiz Montes, María</subfield>
<subfield code="e">author</subfield>
</datafield>
<datafield tag="260" ind1=" " ind2=" ">
<subfield code="c">2015</subfield>
</datafield>
<datafield tag="520" ind1=" " ind2=" ">
<subfield code="a">La infección por citomegalovirus congénito es una de las infecciones más comunes de transmisión materno-fetal. Se trata de una de las principales etiologías de hipoacusia neurosensorial no genética, además de ser causa de otro tipo de patologías como parálisis cerebral, afectación visual o retraso psicomotor generalizado. Con este trabajo se pretende dar a conocer un poco más esta infección y las secuelas que puede causar para ayudar así a su prevención, diagnóstico precoz, seguimiento y tratamiento y, de forma paralela, para mejorar la calidad de vida de los niños afectados por CMVc y de sus familias. En una primera parte se muestra la descripción teórica de la infección y de sus secuelas para, posteriormente, ejemplificarlo con tres casos reales que ilustran la variabilidad de la sintomatología que pueden presentar estos niños. Se concluye considerando necesario seguir investigando y difundiendo sobre CMV, así como ofreciendo recursos actuales de consulta y ayuda para familias con niños con CMVc y para los profesionales que trabajan con estos casos.</subfield>
</datafield>
<datafield tag="024" ind2=" " ind1="8">
<subfield code="a">http://uvadoc.uva.es/handle/10324/14152</subfield>
</datafield>
<datafield ind1=" " ind2=" " tag="653">
<subfield code="a">Discapacidad auditiva-Tratamiento</subfield>
</datafield>
<datafield ind1=" " ind2=" " tag="653">
<subfield code="a">Infecciones por Citomegalovirus</subfield>
</datafield>
<datafield tag="245" ind1="0" ind2="0">
<subfield code="a">Discapacidad auditiva causada por citomegalovirus congénito (CMVc). Sintomatología, tratamiento y seguimiento desde el punto de vista de la Logopedia</subfield>
</datafield>
</record></metadata></record></GetRecord></OAI-PMH>